[Event "17. Open de Sants Hostafrancs 2015"]
[Site "Barcelona ESP"]
[Date "2015.08.22"]
[Round "2.44"]
[White "Veganzones Rojo, David"]
[Black "Mullon, Jean-Baptiste"]
[Result "1-0"]
[WhiteElo "2149"]
[BlackElo "2402"]
[PlyCount "111"]
[EventDate "2015.08.21"]
[EventType "swiss"]
[EventRounds "10"]
[EventCountry "ESP"]
[SourceTitle "Ajedrez en Madrid"]
[Source "lmi"]
[SourceDate "2015.08.21"]

1. d4 Nf6 2. c4 g6 3. g3 Bg7 4. Bg2 O-O 5. Nc3 c6 6. e4 d6 7. Nf3 e5 8. O-O
Nbd7 9. h3 Re8 10. Be3 exd4 11. Nxd4 Qa5 12. Re1 Ne5 13. Bf1 Be6 14. Nxe6 Rxe6
15. Kg2 Rae8 16. Rb1 Ned7 17. f3 a6 18. b4 Qc7 19. Qd2 Nh5 20. Bf2 Be5 21. Rbc1
Qb8 22. Ne2 Bg7 23. g4 Nhf6 24. Bg3 Ne5 25. Nc3 b5 26. c5 dxc5 27. bxc5 R6e7
28. f4 Rd7 29. Qc2 Nc4 30. Bxc4 bxc4 31. e5 Qd8 32. Re2 Nd5 33. Ne4 c3 34. a3
Qa5 35. Qb3 Bf8 36. Nd6 Bxd6 37. cxd6 Rxd6 38. Rce1 Rdd8 39. f5 Qb5 40. Qa2 Qc5
41. Kh1 Qd4 42. e6 fxe6 43. fxe6 Ne7 44. Kh2 Rd5 45. Rf1 Rf8 46. Qb1 Rdd8 47.
Rf7 Qd1 48. Qxd1 Rxd1 49. Rxe7 Rfd8 50. Be5 R1d2 51. Rg7+ Kf8 52. e7+ Ke8 53.
exd8=Q+ Kxd8 54. Bf6+ Kc8 55. Rg8+ Kc7 56. Rxd2 1-0

[Event "17. Open de Sants Hostafrancs 2015"]
[Site "Barcelona ESP"]
[Date "2015.08.22"]
[Round "2.45"]
[White "Ootes, Lars"]
[Black "Jordan Martinez, David"]
[Result "1-0"]
[WhiteElo "2400"]
[BlackElo "2161"]
[PlyCount "49"]
[EventDate "2015.08.21"]
[EventType "swiss"]
[EventRounds "10"]
[EventCountry "ESP"]
[SourceTitle "Ajedrez en Madrid"]
[Source "lmi"]
[SourceDate "2015.08.21"]

1. e4 e6 2. d4 d5 3. Nc3 Bb4 4. a3 Bxc3+ 5. bxc3 dxe4 6. Qg4 Nf6 7. Qxg7 Rg8 8.
Qh6 Rg6 9. Qe3 b6 10. Ne2 Bb7 11. Nf4 Rg8 12. a4 Nc6 13. Qh3 Ne7 14. Bb5+ c6
15. Be2 Ned5 16. O-O Qc7 17. Qh4 Qe7 18. c4 Nxf4 19. Qxf4 Rg6 20. Qe5 O-O-O 21.
Bf4 Kd7 22. a5 Ke8 23. axb6 axb6 24. Ra7 Rd7 25. Qb8+ 1-0

[Event "17. Open de Sants Hostafrancs 2015"]
[Site "Barcelona ESP"]
[Date "2015.08.22"]
[Round "2.46"]
[White "Gschwendtner, Klaus"]
[Black "Zude, Erik"]
[Result "0-1"]
[WhiteElo "2138"]
[BlackElo "2398"]
[PlyCount "78"]
[EventDate "2015.08.21"]
[EventType "swiss"]
[EventRounds "10"]
[EventCountry "ESP"]
[SourceTitle "Ajedrez en Madrid"]
[Source "lmi"]
[SourceDate "2015.08.21"]

1. e4 e5 2. Nf3 d6 3. d4 exd4 4. Nxd4 Nf6 5. Nc3 Be7 6. g3 O-O 7. Bg2 Re8 8.
O-O Bf8 9. h3 Nbd7 10. Re1 c6 11. a4 a5 12. g4 g6 13. Nde2 Nc5 14. Ng3 Qb6 15.
Bg5 Bg7 16. Qxd6 Nfd7 17. Nge2 Qxb2 18. Ra2 Qb4 19. Rb1 Qc4 20. Qg3 Ne6 21. Bd2
Ndc5 22. Ra3 Na6 23. Qd3 Qc5 24. Rab3 Nb4 25. Qe3 Nxc2 26. Qxc5 Nxc5 27. R3b2
Na3 28. Rd1 Be6 29. Bg5 h6 30. Bf4 Red8 31. Rxd8+ Rxd8 32. Bc7 Rd3 33. e5 Rd7
34. Bb8 Nc4 35. Rc2 Na6 36. Bd6 Nb4 37. Bxb4 axb4 38. Ne4 Rd1+ 39. Kh2 b3 0-1

[Event "17. Open de Sants Hostafrancs 2015"]
[Site "Barcelona ESP"]
[Date "2015.08.22"]
[Round "2.47"]
[White "Valdes Romero, Leonardo"]
[Black "Mundet Riera, Jaume"]
[Result "1-0"]
[WhiteElo "2396"]
[BlackElo "2157"]
[PlyCount "89"]
[EventDate "2015.08.21"]
[EventType "swiss"]
[EventRounds "10"]
[EventCountry "ESP"]
[SourceTitle "Ajedrez en Madrid"]
[Source "lmi"]
[SourceDate "2015.08.21"]

1. Nf3 d6 2. c4 Nf6 3. g3 e5 4. Nc3 Nbd7 5. Bg2 Be7 6. O-O O-O 7. d4 c6 8. Qc2
Qc7 9. Rd1 Re8 10. h3 Bf8 11. e4 a5 12. Be3 g6 13. Rac1 Bg7 14. d5 Nc5 15. b3
Qe7 16. Ne1 Rd8 17. Qb1 Qf8 18. a3 Bh6 19. Bxh6 Qxh6 20. b4 axb4 21. axb4 Na6
22. h4 c5 23. Nd3 cxb4 24. Na4 Bg4 25. Re1 Qd2 26. Nb6 Nc5 27. Nxc5 dxc5 28.
Nxa8 Rxa8 29. Rc2 Qd4 30. Ra2 Rxa2 31. Qxa2 Kg7 32. Qa1 Qxa1 33. Rxa1 Be2 34.
f4 Bd3 35. fxe5 Ng4 36. e6 fxe6 37. Ra7 Bxc4 38. Rxb7+ Kf6 39. Bh3 Ne5 40. Rb6
Nf3+ 41. Kf2 Nd4 42. Ke3 Bb5 43. Bxe6 Kg7 44. e5 b3 45. d6 1-0

[Event "17. Open de Sants Hostafrancs 2015"]
[Site "Barcelona ESP"]
[Date "2015.08.22"]
[Round "2.48"]
[White "Fischer, Julie"]
[Black "Cruz, Filemon"]
[Result "0-1"]
[WhiteElo "2133"]
[BlackElo "2395"]
[PlyCount "74"]
[EventDate "2015.08.21"]
[EventType "swiss"]
[EventRounds "10"]
[EventCountry "ESP"]
[SourceTitle "Ajedrez en Madrid"]
[Source "lmi"]
[SourceDate "2015.08.21"]

1. e4 d6 2. d4 g6 3. Nc3 Bg7 4. Be3 a6 5. h3 Nf6 6. g4 O-O 7. Bg2 c6 8. Nge2
Qc7 9. O-O e5 10. Ng3 Re8 11. Nce2 b5 12. f4 exf4 13. Bxf4 Nfd7 14. Qd2 Nb6 15.
b3 N8d7 16. Bh6 Bh8 17. Qf4 Nf8 18. Rad1 Ne6 19. Qf2 Bb7 20. Nf4 Nxf4 21. Qxf4
Rad8 22. Nh5 Re6 23. Bg5 Rde8 24. Nf6+ Bxf6 25. Bxf6 Nd7 26. g5 Nxf6 27. gxf6
Kh8 28. Qg5 Qd8 29. Rf4 Rg8 30. Rdf1 c5 31. Rh4 Qf8 32. Rh6 Bxe4 33. Qh4 g5 34.
Qh5 Bg6 35. Rxg6 Rxg6 36. Rf5 Rgxf6 37. Qxg5 Qg7 0-1

[Event "17. Open de Sants Hostafrancs 2015"]
[Site "Barcelona ESP"]
[Date "2015.08.22"]
[Round "2.49"]
[White "Hernando Rodrigo, Julio Antoni"]
[Black "Apap, Hugo"]
[Result "0-1"]
[WhiteElo "2389"]
[BlackElo "2152"]
[PlyCount "84"]
[EventDate "2015.08.21"]
[EventType "swiss"]
[EventRounds "10"]
[EventCountry "ESP"]
[SourceTitle "Ajedrez en Madrid"]
[Source "lmi"]
[SourceDate "2015.08.21"]

1. d4 d5 2. c4 c6 3. Nf3 Nf6 4. e3 Bf5 5. Bd3 Bxd3 6. Qxd3 e6 7. O-O Nbd7 8.
Nc3 Bb4 9. Bd2 a5 10. a3 Be7 11. Rfd1 O-O 12. e4 dxe4 13. Nxe4 Nxe4 14. Qxe4
Qb6 15. Qc2 a4 16. Bf4 Nf6 17. Rd3 Qa6 18. Ne5 Rfd8 19. Rad1 Rac8 20. Bg5 h6
21. Bxh6 gxh6 22. Qc1 Bf8 23. Rg3+ Bg7 24. Qxh6 Ne8 25. Rdd3 Qa5 26. h3 Rxd4
27. Rxd4 Qe1+ 28. Kh2 Qxe5 29. Qd2 Kf8 30. Rd7 Rc7 31. Rd8 Ke7 32. f4 Qxb2 33.
Qd1 Qf6 34. Rgd3 Qxf4+ 35. g3 Qf2+ 36. Kh1 Nf6 37. Rf3 Qc5 38. Rb8 Rd7 39. Qxa4
Qe5 40. Qa7 Qe1+ 41. Kg2 Ne4 42. Rxb7 Qe2+ 0-1

[Event "17. Open de Sants Hostafrancs 2015"]
[Site "Barcelona ESP"]
[Date "2015.08.22"]
[Round "2.50"]
[White "Gonzalez Rodriguez, Jorge A"]
[Black "Sanz Rodero, Mikel"]
[Result "1-0"]
[WhiteElo "2369"]
[BlackElo "2150"]
[PlyCount "75"]
[EventDate "2015.08.21"]
[EventType "swiss"]
[EventRounds "10"]
[EventCountry "ESP"]
[SourceTitle "Ajedrez en Madrid"]
[Source "lmi"]
[SourceDate "2015.08.21"]

1. b3 d5 2. e3 Bf5 3. Bb2 e6 4. Nf3 Nd7 5. Be2 h6 6. d4 Ngf6 7. O-O Bd6 8. c4
c6 9. Nc3 O-O 10. c5 Bc7 11. b4 a6 12. a4 Qe7 13. b5 axb5 14. axb5 e5 15. b6
Rxa1 16. Bxa1 Bb8 17. Re1 Re8 18. Bb2 h5 19. g3 Bg4 20. Nh4 Qe6 21. f3 exd4 22.
exd4 Qe3+ 23. Kh1 Bh3 24. Rg1 g5 25. Ng2 Qf2 26. Ne1 g4 27. Nd3 Qe3 28. Re1 Qg5
29. f4 Qf5 30. Kg1 Kf8 31. Nf2 h4 32. Bd3 Rxe1+ 33. Qxe1 Qh5 34. Bc1 hxg3 35.
hxg3 Qh8 36. Qe3 Nh5 37. Bf5 Nxc5 38. Ba3 1-0

[Event "17. Open de Sants Hostafrancs 2015"]
[Site "Barcelona ESP"]
[Date "2015.08.22"]
[Round "2.51"]
[White "Duff, Rufus"]
[Black "Diaz Camallonga, Carles"]
[Result "0-1"]
[WhiteElo "2133"]
[BlackElo "2358"]
[PlyCount "80"]
[EventDate "2015.08.21"]
[EventType "swiss"]
[EventRounds "10"]
[EventCountry "ESP"]
[SourceTitle "Ajedrez en Madrid"]
[Source "lmi"]
[SourceDate "2015.08.21"]

1. d4 e6 2. Nf3 Nf6 3. c4 Bb4+ 4. Bd2 Qe7 5. g3 Nc6 6. Nc3 O-O 7. Bg2 d6 8. O-O
a5 9. Qc2 Re8 10. e4 e5 11. d5 Nb8 12. a3 Bxc3 13. Bxc3 a4 14. c5 Bd7 15. cxd6
cxd6 16. Nh4 Na6 17. h3 Bb5 18. Rfe1 Nc5 19. Rad1 g6 20. Qd2 Rac8 21. Qh6 Kh8
22. f4 Ng8 23. Qg5 Qxg5 24. fxg5 f6 25. Nf3 Kg7 26. Bf1 Bxf1 27. Kxf1 Rf8 28.
Kg2 f5 29. Nd2 b5 30. Bb4 Ne7 31. g4 h6 32. gxh6+ Kxh6 33. Re3 fxe4 34. Nxe4
Nxe4 35. Rxe4 Rc2+ 36. Kg1 Nc8 37. Rd2 Rc1+ 38. Kg2 Rff1 39. Rf2 Rxf2+ 40. Kxf2
Rd1 0-1

[Event "17. Open de Sants Hostafrancs 2015"]
[Site "Barcelona ESP"]
[Date "2015.08.22"]
[Round "2.52"]
[White "Vuilleumier, Alexandre"]
[Black "Urriza Iricibar, Pablo"]
[Result "1-0"]
[WhiteElo "2357"]
[BlackElo "2140"]
[PlyCount "71"]
[EventDate "2015.08.21"]
[EventType "swiss"]
[EventRounds "10"]
[EventCountry "ESP"]
[SourceTitle "Ajedrez en Madrid"]
[Source "lmi"]
[SourceDate "2015.08.21"]

1. d4 e6 2. g3 c5 3. Nf3 cxd4 4. Nxd4 Nc6 5. Bg2 Nf6 6. O-O Be7 7. c4 O-O 8.
Nc3 a6 9. b3 Qc7 10. Bb2 b6 11. Rc1 Bb7 12. Nd5 Qd8 13. Nxc6 Bxc6 14. Qd2 a5
15. Nxe7+ Qxe7 16. Bd4 Bxg2 17. Kxg2 d5 18. Bxf6 Qxf6 19. cxd5 exd5 20. Rfd1
Rad8 21. Qd4 Qg6 22. e3 Rfe8 23. Rc7 h5 24. Rb7 Re6 25. Qd3 Qg5 26. Qb5 h4 27.
Rd4 Rh6 28. Rxb6 h3+ 29. Kf3 Qf5+ 30. Rf4 Qc2 31. Rxh6 Qd1+ 32. Qe2 Qh1+ 33.
Kg4 gxh6 34. Kxh3 Rd6 35. Rd4 Rg6 36. Qd1 1-0

[Event "17. Open de Sants Hostafrancs 2015"]
[Site "Barcelona ESP"]
[Date "2015.08.22"]
[Round "2.53"]
[White "Campins Machado, Francesc"]
[Black "Valderrama Quiceno, Esteban A"]
[Result "0-1"]
[WhiteElo "2127"]
[BlackElo "2357"]
[PlyCount "63"]
[EventDate "2015.08.21"]
[EventType "swiss"]
[EventRounds "10"]
[EventCountry "ESP"]
[SourceTitle "Ajedrez en Madrid"]
[Source "lmi"]
[SourceDate "2015.08.21"]

1. d4 Nf6 2. c4 e6 3. Nc3 Bb4 4. Qc2 c5 5. dxc5 Bxc5 6. Nf3 Qb6 7. e3 O-O 8.
Be2 Be7 9. O-O d6 10. e4 a6 11. Bf4 Nbd7 12. e5 dxe5 13. Nxe5 Qd4 14. Nxd7 Bxd7
15. Be3 Qe5 16. Bf3 Bc6 17. Qe2 Rac8 18. Bd2 Qf5 19. Bxc6 Rxc6 20. b3 Rfc8 21.
Rfe1 Bc5 22. Rad1 Bd4 23. Rc1 h6 24. h3 Rc5 25. Be3 Bxe3 26. Qxe3 b5 27. cxb5
axb5 28. Ne2 b4 29. Rxc5 Rxc5 30. Nd4 Qd5 31. Nf3 Rc2 32. Re2 0-1

[Event "17. Open de Sants Hostafrancs 2015"]
[Site "Barcelona ESP"]
[Date "2015.08.22"]
[Round "2.55"]
[White "Carstensen, Jacob"]
[Black "Ciornei, Dragos"]
[Result "1-0"]
[WhiteElo "2336"]
[BlackElo "2136"]
[PlyCount "89"]
[EventDate "2015.08.21"]
[EventType "swiss"]
[EventRounds "10"]
[EventCountry "ESP"]
[SourceTitle "Ajedrez en Madrid"]
[Source "lmi"]
[SourceDate "2015.08.21"]

1. d4 Nf6 2. c4 g6 3. Nc3 Bg7 4. e4 O-O 5. Nf3 d6 6. Be2 e5 7. Be3 exd4 8. Nxd4
Re8 9. f3 c6 10. Qd2 d5 11. exd5 cxd5 12. c5 a6 13. O-O Nc6 14. Bf2 Be6 15.
Rad1 Nd7 16. Nxc6 bxc6 17. Na4 a5 18. Rfe1 Qb8 19. b3 Be5 20. g3 h5 21. Bd3 h4
22. Kg2 Kg7 23. Nb6 Ra7 24. Bc2 h3+ 25. Kg1 Qd8 26. Nxd7 Bxd7 27. Rxe5 Rxe5 28.
Bd4 f6 29. Bxe5 fxe5 30. Re1 Qe7 31. Qc3 d4 32. Qxd4 exd4 33. Rxe7+ Kf6 34. Rh7
Rb7 35. Kf2 Bc8 36. Rxb7 Bxb7 37. Be4 g5 38. f4 Ba6 39. fxg5+ Kxg5 40. Bxc6 Kf6
41. Bd7 Ke5 42. Ke1 Kd5 43. c6 Bb5 44. Bxh3 Kxc6 45. Bf1 1-0

[Event "17. Open de Sants Hostafrancs 2015"]
[Site "Barcelona ESP"]
[Date "2015.08.22"]
[Round "2.56"]
[White "Ramirez Carrizo, Victor Jose"]
[Black "Aabling-Thomsen, Jakob"]
[Result "1-0"]
[WhiteElo "2122"]
[BlackElo "2333"]
[PlyCount "71"]
[EventDate "2015.08.21"]
[EventType "swiss"]
[EventRounds "10"]
[EventCountry "ESP"]
[SourceTitle "Ajedrez en Madrid"]
[Source "lmi"]
[SourceDate "2015.08.21"]

1. e4 d6 2. d4 Nf6 3. Nc3 g6 4. f4 Bg7 5. Nf3 c5 6. dxc5 Qa5 7. Qd4 O-O 8. cxd6
Nxe4 9. Qxe4 Bxc3+ 10. bxc3 Qxc3+ 11. Kf2 Qxa1 12. dxe7 Re8 13. Bc4 Nc6 14.
Bxf7+ Kxf7 15. Qc4+ Kg7 16. Qb3 Be6 17. Bb2+ Kh6 18. Qb5 Qxb2 19. Qxb2 Rxe7 20.
Re1 Rae8 21. h3 Bd5 22. Rxe7 Rxe7 23. g4 Rf7 24. Kg3 Bxf3 25. Kxf3 a6 26. c4 g5
27. f5 Nb8 28. h4 Nd7 29. Qd2 Kg7 30. Qxg5+ Kf8 31. Qd8+ Kg7 32. Kf4 Nf8 33.
Qd4+ Kg8 34. Qd5 Ng6+ 35. Ke4 Ne7 36. Qxb7 1-0

[Event "17. Open de Sants Hostafrancs 2015"]
[Site "Barcelona ESP"]
[Date "2015.08.22"]
[Round "2.57"]
[White "Lopez Mulet, Inigo"]
[Black "Nordenbaek, Jan"]
[Result "1-0"]
[WhiteElo "2332"]
[BlackElo "2134"]
[PlyCount "65"]
[EventDate "2015.08.21"]
[EventType "swiss"]
[EventRounds "10"]
[EventCountry "ESP"]
[SourceTitle "Ajedrez en Madrid"]
[Source "lmi"]
[SourceDate "2015.08.21"]

1. d4 d5 2. c4 e6 3. g3 Nf6 4. Bg2 Be7 5. Nf3 O-O 6. O-O dxc4 7. Qc2 a6 8. Qxc4
b5 9. Qc2 Bb7 10. Bf4 Bd6 11. Nbd2 Bxf4 12. gxf4 Qd6 13. e3 Nbd7 14. Nb3 Be4
15. Qd1 Rac8 16. Rc1 Rfd8 17. Ne5 Bxg2 18. Kxg2 Qd5+ 19. Qf3 Nxe5 20. Qxd5 Nxd5
21. fxe5 Kf8 22. a3 Nb6 23. Na5 Rd5 24. b4 f6 25. f4 Ke7 26. Nc6+ Ke8 27. Kf3
Nc4 28. Rg1 Kf7 29. Ne7 Kxe7 30. Rxg7+ Ke8 31. Rcg1 Nb6 32. Rxh7 Nd7 33. Rg8+
1-0

[Event "17. Open de Sants Hostafrancs 2015"]
[Site "Barcelona ESP"]
[Date "2015.08.22"]
[Round "2.58"]
[White "Moreto Quintana, Alex"]
[Black "Van Der Lende, Ilias"]
[Result "0-1"]
[WhiteElo "2117"]
[BlackElo "2332"]
[PlyCount "136"]
[EventDate "2015.08.21"]
[EventType "swiss"]
[EventRounds "10"]
[EventCountry "ESP"]
[SourceTitle "Ajedrez en Madrid"]
[Source "lmi"]
[SourceDate "2015.08.21"]

1. Nf3 d5 2. c4 e6 3. g3 Nf6 4. Bg2 Be7 5. O-O dxc4 6. Qa4+ Bd7 7. Qxc4 Bc6 8.
d4 Nbd7 9. Bg5 O-O 10. Nbd2 h6 11. Bxf6 Nxf6 12. Rac1 Rc8 13. Rfe1 Ne4 14. Qd3
Nxd2 15. Qxd2 Be4 16. Qa5 c5 17. Qxd8 Rfxd8 18. dxc5 Bxc5 19. Ne5 Bxg2 20. Kxg2
Bd4 21. Nd3 Rxc1 22. Rxc1 e5 23. Kf3 f5 24. e4 Bb6 25. Ke2 fxe4 26. Nxe5 Rd5
27. Rc8+ Kh7 28. Nc4 Bd4 29. Rc7 b5 30. Ne3 Rh5 31. h4 Bxb2 32. Rxa7 Rc5 33.
Re7 Bd4 34. Kd1 b4 35. Ng4 Rd5 36. Kc1 Bc3 37. Rxe4 Rd2 38. Ne3 Rxa2 39. Nd1
Bd2+ 40. Kb1 b3 41. Re2 Kg6 42. g4 Rc2 43. Ne3 Bxe3 44. Rxe3 Rxf2 45. Rxb3 Rf4
46. Rg3 Rc4 47. Kb2 Kf6 48. Kb3 Rd4 49. Kc3 Ke5 50. Rg1 Ra4 51. Kd3 Ra3+ 52.
Ke2 Kf4 53. Rf1+ Kxg4 54. Rg1+ Rg3 55. Rh1 Kh5 56. Kf2 Rg4 57. Kf3 Rxh4 58. Ra1
g5 59. Kg3 Rb4 60. Ra3 Rb6 61. Rc3 Kg6 62. Rc8 Rb3+ 63. Kg2 Kh5 64. Rh8 g4 65.
Kh2 Kg5 66. Rg8+ Kh4 67. Ra8 Rb2+ 68. Kg1 h5 0-1

[Event "17. Open de Sants Hostafrancs 2015"]
[Site "Barcelona ESP"]
[Date "2015.08.22"]
[Round "2.59"]
[White "Delorme, Alban"]
[Black "Alcala Valiente, Juan Carlos"]
[Result "1-0"]
[WhiteElo "2331"]
[BlackElo "2133"]
[PlyCount "99"]
[EventDate "2015.08.21"]
[EventType "swiss"]
[EventRounds "10"]
[EventCountry "ESP"]
[SourceTitle "Ajedrez en Madrid"]
[Source "lmi"]
[SourceDate "2015.08.21"]

1. d4 d5 2. Nf3 c6 3. g3 Nd7 4. Bg2 g6 5. O-O Bg7 6. c4 Ngf6 7. Nc3 a6 8. cxd5
cxd5 9. Ne5 e6 10. Bg5 h6 11. Bf4 Nh5 12. e4 Nxf4 13. gxf4 dxe4 14. Nxe4 O-O
15. Nd6 Qe7 16. Nxb7 Nxe5 17. Na5 Rb8 18. fxe5 Rxb2 19. Nb3 Qg5 20. Qf3 f6 21.
exf6 Bxf6 22. Rac1 Bd7 23. Rc5 Qh4 24. Qd3 Bg7 25. Qe3 Rxb3 26. Qxb3 Bxd4 27.
Rc2 Bb5 28. Qxe6+ Kh8 29. Rc8 Rxc8 30. Qxc8+ Kh7 31. Qb7+ Kh8 32. Rc1 Qxf2+ 33.
Kh1 Bg7 34. a4 Bd3 35. Qd5 Bf5 36. Qa8+ Kh7 37. Qxa6 Qd4 38. Qc6 Qd2 39. Qc7
Qe3 40. Qc5 Qe2 41. Qd5 Qb2 42. Rf1 Qa3 43. a5 Bd3 44. Rd1 Be2 45. Rg1 Bd3 46.
Be4 Bxe4+ 47. Qxe4 Qd6 48. Qc4 Qd8 49. Qc6 Qd3 50. a6 1-0

[Event "17. Open de Sants Hostafrancs 2015"]
[Site "Barcelona ESP"]
[Date "2015.08.22"]
[Round "2.60"]
[White "Tuchenhagen, Axel"]
[Black "Vehi Bach, Victor Manuel"]
[Result "0-1"]
[WhiteElo "2116"]
[BlackElo "2330"]
[PlyCount "66"]
[EventDate "2015.08.21"]
[EventType "swiss"]
[EventRounds "10"]
[EventCountry "ESP"]
[SourceTitle "Ajedrez en Madrid"]
[Source "lmi"]
[SourceDate "2015.08.21"]

1. d4 Nf6 2. c4 e6 3. Nc3 Bb4 4. e3 O-O 5. Bd3 d5 6. Nf3 c5 7. O-O Nc6 8. a3
Ba5 9. Na4 cxd4 10. exd4 dxc4 11. Bxc4 h6 12. b4 Bc7 13. b5 Ne7 14. Bb2 b6 15.
Ne5 Bb7 16. Rc1 Rc8 17. Be2 Bd6 18. Nc3 Rc7 19. Bf3 Qa8 20. Bxb7 Qxb7 21. Qf3
Bxe5 22. dxe5 Qxf3 23. gxf3 Nfd5 24. Ne2 Ng6 25. Rxc7 Nxc7 26. a4 Rd8 27. Rc1
Rd2 28. Rxc7 Rxe2 29. Bd4 Nf4 30. h4 Ra2 31. Be3 Rxa4 32. Bxf4 Rxf4 33. Rxa7
Rb4 0-1

[Event "17. Open de Sants Hostafrancs 2015"]
[Site "Barcelona ESP"]
[Date "2015.08.22"]
[Round "2.62"]
[White "Sochacki, Wojtek"]
[Black "Forestie, Pierre"]
[Result "1/2-1/2"]
[WhiteElo "2324"]
[BlackElo "2132"]
[PlyCount "132"]
[EventDate "2015.08.21"]
[EventType "swiss"]
[EventRounds "10"]
[EventCountry "ESP"]
[SourceTitle "Ajedrez en Madrid"]
[Source "lmi"]
[SourceDate "2015.08.21"]

1. d4 Nf6 2. c4 e6 3. Nc3 d5 4. cxd5 exd5 5. Bg5 Be7 6. e3 c6 7. Bd3 Be6 8.
Nge2 Nbd7 9. Qc2 Rc8 10. h3 a6 11. Nf4 O-O 12. O-O Re8 13. Rad1 Nf8 14. Nxe6
fxe6 15. Na4 Bd6 16. Nc5 Rc7 17. f4 Rf7 18. b4 Qc7 19. a4 N6d7 20. Rb1 Be7 21.
h4 Bxc5 22. bxc5 h6 23. Rf3 hxg5 24. hxg5 e5 25. g6 Rf6 26. fxe5 Rxf3 27. gxf3
Nxe5 28. dxe5 Rxe5 29. Qh2 Qe7 30. Qf4 Nxg6 31. Bxg6 Rg5+ 32. Kf2 Rxg6 33. Qb8+
Kh7 34. Rh1+ Rh6 35. Rxh6+ Kxh6 36. Qd6+ Qf6 37. Qh2+ Kg6 38. Qg3+ Kf7 39. Qc7+
Qe7 40. Qf4+ Ke8 41. Qb4 Kd8 42. Ke2 Kc7 43. Qf4+ Kc8 44. Qg4+ Kb8 45. Qf4+ Ka7
46. Qb4 Qc7 47. a5 Kb8 48. f4 Qd7 49. Qd4 Kc8 50. Kf2 Qe7 51. Kg3 Kd7 52. Kg4
Ke8 53. Kf3 Kf7 54. Qb4 Kf6 55. Kf2 Ke6 56. Qb6 Kf5 57. Qb1+ Kf6 58. Qb2+ Kf7
59. Qb4 g5 60. fxg5 Kg6 61. Ke2 Kxg5 62. Qf4+ Kg6 63. Qg3+ Qg5 64. Qd6+ Kf7 65.
Qc7+ Qe7 66. Qf4+ Qf6 1/2-1/2

[Event "17. Open de Sants Hostafrancs 2015"]
[Site "Barcelona ESP"]
[Date "2015.08.22"]
[Round "2.63"]
[White "Sanchez Lopez, Juan Manuel"]
[Black "Villegas, Pierre"]
[Result "0-1"]
[WhiteElo "2101"]
[BlackElo "2323"]
[PlyCount "48"]
[EventDate "2015.08.21"]
[EventType "swiss"]
[EventRounds "10"]
[EventCountry "ESP"]
[SourceTitle "Ajedrez en Madrid"]
[Source "lmi"]
[SourceDate "2015.08.21"]

1. c4 e6 2. e4 c5 3. Nc3 Nc6 4. g3 Nd4 5. Bg2 Ne7 6. Nge2 Nec6 7. O-O g6 8. f4
d6 9. g4 g5 10. Ng3 gxf4 11. Rxf4 Bg7 12. Nh5 Be5 13. d3 Rg8 14. Rf2 Qh4 15. h3
Bd7 16. Be3 O-O-O 17. Rxf7 Be8 18. Rxh7 Bxh5 19. Bf2 Bg3 20. Bxg3 Qxg3 21. Rxh5
Rdf8 22. Kh1 Rf2 23. Qg1 Nf3 24. Qxf2 Qh2# 0-1

[Event "17. Open de Sants Hostafrancs 2015"]
[Site "Barcelona ESP"]
[Date "2015.08.22"]
[Round "2.64"]
[White "Ramirez Garcia, Jorge Alberto"]
[Black "Prieto Aranguren, Alain"]
[Result "1-0"]
[WhiteElo "2321"]
[BlackElo "2123"]
[PlyCount "59"]
[EventDate "2015.08.21"]
[EventType "swiss"]
[EventRounds "10"]
[EventCountry "ESP"]
[SourceTitle "Ajedrez en Madrid"]
[Source "lmi"]
[SourceDate "2015.08.21"]

1. e4 c6 2. d4 d5 3. Nd2 dxe4 4. Nxe4 Nd7 5. Ng5 Ngf6 6. Bd3 e6 7. N1f3 Bd6 8.
Qe2 h6 9. Ne4 Nxe4 10. Qxe4 Nf6 11. Qe2 Qc7 12. Bd2 b6 13. Ne5 Bb7 14. f4 O-O
15. g4 c5 16. Rg1 cxd4 17. g5 hxg5 18. Rxg5 Rfd8 19. O-O-O Rac8 20. Rdg1 Bf8
21. Kb1 Bd5 22. Qe1 Rd7 23. Bb4 Ne8 24. Bxf8 Kxf8 25. Nxd7+ Qxd7 26. Qb4+ Kg8
27. Bh7+ Kxh7 28. Qf8 Bxa2+ 29. Ka1 g6 30. Rh5+ 1-0

[Event "17. Open de Sants Hostafrancs 2015"]
[Site "Barcelona ESP"]
[Date "2015.08.22"]
[Round "2.67"]
[White "Vidarte Morales, Arturo"]
[Black "Vidal, Llewellyn"]
[Result "1-0"]
[WhiteElo "2304"]
[BlackElo "2117"]
[PlyCount "83"]
[EventDate "2015.08.21"]
[EventType "swiss"]
[EventRounds "10"]
[EventCountry "ESP"]
[SourceTitle "Ajedrez en Madrid"]
[Source "lmi"]
[SourceDate "2015.08.21"]

1. c4 c6 2. e4 d5 3. exd5 cxd5 4. cxd5 Nf6 5. d4 Nxd5 6. Nc3 Nc6 7. Nf3 g6 8.
Qb3 Nxc3 9. Bc4 Nd5 10. Bxd5 e6 11. Bxc6+ bxc6 12. O-O Qd5 13. Bf4 f6 14. Rfc1
Qxb3 15. axb3 Bb7 16. Nd2 g5 17. Be3 Bd6 18. Ra4 Ke7 19. Nc4 Bc7 20. Bd2 Bb6
21. Bb4+ Kd7 22. Bc5 Kc7 23. Re1 Bxc5 24. dxc5 e5 25. Nd6 Bc8 26. Rea1 a6 27.
h4 h6 28. b4 Rb8 29. h5 g4 30. Nxc8 Rhxc8 31. Rxa6 Rd8 32. Ra7+ Rb7 33. b5 cxb5
34. R7a6 b4 35. Rxf6 Rb5 36. Ra7+ Kb8 37. Raf7 b3 38. Rxh6 Rc8 39. Rg6 e4 40.
Rb6+ Rxb6 41. cxb6 Rc5 42. h6 1-0

[Event "17. Open de Sants Hostafrancs 2015"]
[Site "Barcelona ESP"]
[Date "2015.08.22"]
[Round "2.70"]
[White "Moratinos Izquierdo, Francisco"]
[Black "Pogorelov, Ruslan"]
[Result "0-1"]
[WhiteElo "2035"]
[BlackElo "2302"]
[PlyCount "79"]
[EventDate "2015.08.21"]
[EventType "swiss"]
[EventRounds "10"]
[EventCountry "ESP"]
[SourceTitle "Ajedrez en Madrid"]
[Source "lmi"]
[SourceDate "2015.08.21"]

1. d4 Nf6 2. c4 e6 3. Nf3 b6 4. a3 Ba6 5. Qc2 Bb7 6. Nc3 c5 7. dxc5 bxc5 8. Bf4
Nh5 9. Be5 Bxf3 10. gxf3 Nc6 11. Bg3 f5 12. h3 Nxg3 13. fxg3 Qg5 14. Kf2 f4 15.
Ne4 fxg3+ 16. Kg2 Qf4 17. Nxg3 Bd6 18. Ne4 Be5 19. Rd1 Nd4 20. Qd2 Qf5 21. Qg5
Qxg5+ 22. Nxg5 Rb8 23. Rb1 Nc2 24. Ne4 Nxa3 25. Ra1 Bxb2 26. Ra2 Nxc4 27. Nxc5
Bd4 28. Nd3 Ne3+ 29. Kg3 Ke7 30. f4 h6 31. Kf3 g5 32. Ke4 Bb6 33. Ne5 Rhg8 34.
Ra3 Nf5 35. fxg5 Rxg5 36. h4 Rg3 37. Rh3 Rxa3 38. Rxa3 Rg8 39. Kf4 Nxh4 40. Rh3
0-1

[Event "17. Open de Sants Hostafrancs 2015"]
[Site "Barcelona ESP"]
[Date "2015.08.22"]
[Round "2.73"]
[White "Vittorino, Carlo Giovanni"]
[Black "Nilsson, Lars Kjoller"]
[Result "1-0"]
[WhiteElo "2301"]
[BlackElo "1998"]
[PlyCount "55"]
[EventDate "2015.08.21"]
[EventType "swiss"]
[EventRounds "10"]
[EventCountry "ESP"]
[SourceTitle "Ajedrez en Madrid"]
[Source "lmi"]
[SourceDate "2015.08.21"]

1. d4 Nf6 2. c4 Nc6 3. Nf3 e6 4. a3 g6 5. Nc3 d5 6. Bg5 h6 7. Bxf6 Qxf6 8. cxd5
exd5 9. Nxd5 Qd6 10. Nc3 Bg7 11. e3 O-O 12. Be2 a6 13. O-O b5 14. Ne4 Qd5 15.
Nc5 Re8 16. Rc1 Ra7 17. Nd2 Nd8 18. a4 c6 19. Bf3 Qd6 20. Qb3 Bf5 21. Rc3 g5
22. g3 Bg6 23. Rfc1 Kh7 24. Nd3 Rc7 25. Nb4 bxa4 26. Qxa4 Rb7 27. Nxc6 Nxc6 28.
Qxc6 1-0